[Event "Moscow Open RSSU Cup 2020"]
[Site "Moscow"]
[Date "2020.02.02"]
[Round "9.2"]
[White "Lintchevski, Daniil"]
[Black "Pridorozhni, Aleksei"]
[Result "1/2-1/2"]
[WhiteElo "2536"]
[BlackElo "2601"]
[Annotator "TA"]
[PlyCount "80"]
[EventDate "2020.01.25"]
[EventType "swiss"]
[EventCountry "RUS"]
[SourceTitle "playchess.com"]
[Source "ChessBase"]
[SourceQuality "1"]

{[%evp 16,80,15,16,24,-21,3,7,26,2,60,44,55,43,45,53,50,0,1,1,33,37,135,56,58,52,60,51,56,54,64,53,60,53,57,33,38,40,40,40,58,0,5,0,1,1,5,5,5,0,5,0,5,19,6,0,0,0,0,0,0,0,0,0,0,0,0]} 1. e4 c5 2. c3 Nf6 3. e5 Nd5 4. d4 cxd4 5. Nf3 Nc6 6. cxd4 d6 7. Bc4 e6 8. O-O Be7 9. Qe2 O-O {B22: Sicilian: 2 c3} 10. Bd2 {[%mdl 4] 10.Rd1 is played by the influencers.} b6 11. Nc3 Nxc3 12. Bxc3 d5 (12... dxe5 $11 13. dxe5 Bb7) 13. Bd3 $14 Nb4 14. Bxb4 Bxb4 15. Rac1 Bd7 {[#]} 16. a3 $146 ({Predecessor:} 16. Rc2 Be7 17. Rfc1 Rc8 18. Rxc8 Bxc8 19. Qc2 h6 20. Qc7 a6 21. a4 Bb4 22. Qa7 {0-1 (48) Lagno,K (2543)-Dzagnidze,N (2550) Khanty-Mansiysk 2014}) 16... Be7 17. Rc3 Qe8 18. Rfc1 f5 {[#]} ({Black should try} 18... b5 $14) 19. Ba6 (19. exf6 $1 $16 gxf6 20. Nd2) 19... b5 20. Bb7 Rb8 21. Bc6 $1 Bd8 22. Bxd7 Qxd7 23. Rc6 Rb6 24. Qc2 h6 25. h4 (25. Nd2 {feels hotter.} b4 26. a4 Bg5 27. Rc7 b3 28. Rxd7 bxc2 29. Rxc2 Bxd2 30. Rxd2 Rf7 31. Rd8+) 25... Re8 26. Kf1 Rb7 27. Rc8 b4 28. Qc6 (28. a4 $1 $14) 28... bxa3 {[#] Strongly threatening ...Qxc6.The position is equal.} 29. Qxd7 Rxd7 30. bxa3 Kf7 31. R1c6 Rde7 32. h5 Bb6 33. Ke2 g6 34. hxg6+ Kxg6 35. g3 Rxc8 36. Rxc8 Rc7 37. Rxc7 Bxc7 38. Nh4+ Kf7 39. Ng2 Bd8 40. Nf4 Bg5 {Accuracy: White = 84%, Black = 86%.} 1/2-1/2

[Event "Moscow Open RSSU Cup 2020"]
[Site "Moscow"]
[Date "2020.02.02"]
[Round "9.3"]
[White "Petrosyan, Manuel"]
[Black "Lobanov, Sergei"]
[Result "0-1"]
[WhiteElo "2590"]
[BlackElo "2507"]
[Annotator "TA"]
[PlyCount "132"]
[EventDate "2020.01.25"]
[EventType "swiss"]
[EventCountry "RUS"]
[SourceTitle "playchess.com"]
[Source "ChessBase"]
[SourceQuality "1"]

{[%evp 14,132,40,0,0,0,0,0,0,0,-16,-80,-72,-94,-83,-90,-83,-110,-89,-183,-170,-210,-219,-195,-212,-185,-189,-262,-252,-248,-242,-232,-154,-135,-139,-169,-160,-310,-283,-246,-179,-195,-207,-193,-157,-228,-226,-235,-230,-235,-231,-385,-375,-361,-372,-333,-207,-212,-193,-452,-405,-389,-395,-395,-382,-358,-330,-399,-391,-389,-381,-370,-269,-373,-249,-310,-240,-358,-240,-439,-383,-382,-376,-456,-456,-448,-441,-440,-425,-404,-341,-441,-436,-29962,-29965,-29964,-29966,-29966,-29965,-29965,-29966,-29967,-29969,-29968,-29969,-29970,-29971,-29970,-29971,-29971,-29973,-29973,-29974,-29972,-29974,-29975,-29976,-29976,-29977,-29977,-29978]} 1. Nf3 d5 2. d4 Nf6 3. c4 e6 4. Bg5 Be7 5. Nc3 Nbd7 6. e3 O-O 7. Qc2 h6 $1 {[%mdl 4] outshines the older 7...c6.} 8. Bf4 (8. cxd5 $14 hxg5 9. dxe6 fxe6 10. Nxg5) 8... c5 $11 {D61: Queen's Gambit Declined: Classical: 7 Qc2.} 9. dxc5 Nxc5 10. cxd5 Nxd5 {The position is equal.} 11. Nxd5 exd5 {[#]} 12. a3 $146 (12. Be5 $11) ({Predecessor:} 12. Be5 Bg4 13. Be2 Rc8 14. O-O Nd7 15. Bc3 Bb4 16. Qa4 Bxc3 17. Qxg4 Bf6 18. Bd3 {1-0 (43) Teske,H (2463)-Baumgartner,H (2352) Austria 2001}) 12... Bd7 $17 13. b4 Ne6 14. Be5 a5 $1 15. b5 a4 16. Qb2 {[#]} (16. Be2 $17 {was necessary.}) 16... Qa5+ $1 $19 17. Nd2 Rfc8 18. Be2 Rc5 19. O-O Rac8 ({Resist} 19... Bxb5 20. Nf3 $17) 20. Rfc1 (20. Bd3 {might work better.}) 20... Rxc1+ 21. Rxc1 Rxc1+ 22. Qxc1 Bxb5 23. Bc3 {[#]} Qa6 $1 24. Bf3 Bc6 25. Qb2 (25. Bb2 $17 {is a better defense.}) 25... Qd3 26. h3 Bd6 {And now ...d4! would win.} 27. Bb4 Bxb4 28. Qxb4 d4 29. Bxc6 (29. exd4 $17 Nxd4 30. Bxc6 bxc6 31. Qb8+ Kh7 32. Qb1 Qxb1+ 33. Nxb1) 29... dxe3 {Strongly threatening ...e2.} ({But not} 29... bxc6 30. exd4 Nxd4 31. Qb8+ Kh7 32. Qb1) 30. Bxa4 {aiming for Nf3.} exd2 31. Bd1 b5 32. a4 $2 (32. h4) 32... Nd4 {Hoping for ...Qe2!} 33. Kh2 bxa4 34. Qxa4 Kh7 35. Qe8 Qb1 36. Bg4 $2 (36. Qa4) 36... d1=Q 37. Bxd1 Qxd1 38. Qxf7 Qb3 39. Qf4 Qd5 40. Qe3 Ne6 41. Kg1 Kg6 42. Qg3+ Kf6 43. Qc3+ Kf7 44. Qc2 Qe5 45. Qd1 (45. Qb1 {was the only defense.}) 45... Nd4 46. Kh1 $2 (46. Qb1) 46... Ke7 47. Qd2 h5 48. Qb4+ Kf6 49. Qd2 Qe4 50. Qc3 Kf5 51. Qa5+ Kg6 52. Qd2 Ne2 {( -> ...Qb1+)} 53. Qd6+ (53. Qa2 $19) 53... Kh7 {Black mates.} 54. Qd1 {[#]} Nf4 $1 {[%csl Gf4][%cal Re4g2]} 55. Qf1 Kh6 56. Kg1 Nd3 57. Kh2 Qf4+ 58. Kg1 Qc1 59. Qxc1+ Nxc1 {[%mdl 4096] Endgame KN-K3P} 60. g3 Kg5 61. h4+ Kf5 62. f3 Ke5 63. Kf2 Kd4 64. g4 Nd3+ 65. Kg3 Ke5 66. gxh5 Kf5 {Accuracy: White = 48%, Black = 81%.} 0-1

[Event "Moscow Open RSSU Cup 2020"]
[Site "Moscow"]
[Date "2020.02.02"]
[Round "9.4"]
[White "Grachev, Boris"]
[Black "Makarian, Rudik"]
[Result "1/2-1/2"]
[WhiteElo "2614"]
[BlackElo "2403"]
[Annotator "TA"]
[PlyCount "80"]
[EventDate "2020.01.25"]
[EventType "swiss"]
[EventCountry "RUS"]
[SourceTitle "playchess.com"]
[Source "ChessBase"]
[SourceQuality "1"]

{[%evp 12,80,31,33,24,37,25,23,36,0,8,4,4,-17,-6,-5,-14,-6,0,-21,0,0,0,-10,0,0,0,0,0,0,0,0,0,-9,-9,-9,0,-1,0,0,0,0,0,0,0,0,0,0,0,0,0,0,0,0,0,-4,0,0,0,0,0,0,0,0,0,0,0,0,0,0,0]} 1. Nf3 Nf6 2. c4 g6 3. Nc3 Bg7 4. g3 c5 5. Bg2 Nc6 6. d4 cxd4 7. Nxd4 h5 {A38: Symmetrical English vs ...g6: 4 Bg2 Bg7 5 Nf3 Nf6} 8. h3 Nxd4 9. Qxd4 d6 {[#] White has an edge.} 10. c5 $146 ({Predecessor:} 10. Qd3 Rb8 11. Be3 a6 12. Ba7 Ra8 13. Bd4 Rb8 14. Nd5 e5 15. Ba7 Bf5 16. e4 {1-0 (35) Hoffmann,U (2035)-Gerland,F (2215) Bad Zwesten 1999}) 10... O-O {The position is equal.} 11. cxd6 Ne8 12. Qb4 Nxd6 13. O-O a5 14. Qa3 Be6 15. Rd1 Qb6 16. Nd5 Bxd5 $1 17. Bxd5 e6 18. Bf3 Nc4 19. Qb3 Qxb3 20. axb3 Nxb2 21. Bxb2 Bxb2 22. Rab1 Bf6 23. Bxb7 Rab8 24. Bc6 Rfd8 25. Ba4 Rxd1+ (25... Kg7 {is interesting.} 26. Rbc1 Rxd1+ 27. Rxd1 h4 28. g4 Rd8) 26. Rxd1 Rd8 27. Rxd8+ (27. Rc1 {is more complex.} h4 28. g4 Be7 29. Kg2 g5 30. Rc7) 27... Bxd8 $11 {[%mdl 4096] Endgame KB-KB} 28. g4 hxg4 29. hxg4 Kg7 30. Kg2 f5 31. gxf5 gxf5 32. f3 Kf6 33. e4 fxe4 34. fxe4 e5 35. Kf3 Be7 36. Ke2 Bb4 37. Kd3 Be1 38. Kc4 Bb4 39. Bb5 $1 Be1 40. Ba4 Bb4 {Accuracy: White = 96%, Black = 100%.} 1/2-1/2

[Event "Moscow Open RSSU Cup 2020"]
[Site "Moscow"]
[Date "2020.02.02"]
[Round "9.5"]
[White "Mirzoev, Emil"]
[Black "Volkov, Sergey"]
[Result "1-0"]
[WhiteElo "2452"]
[BlackElo "2575"]
[Annotator "TA"]
[PlyCount "75"]
[EventDate "2020.01.25"]
[EventType "swiss"]
[EventCountry "RUS"]
[SourceTitle "playchess.com"]
[Source "ChessBase"]
[SourceQuality "1"]

{[%evp 22,75,19,15,35,15,14,13,8,6,12,14,18,9,29,16,47,60,56,44,71,73,98,97,123,108,156,169,154,164,164,153,243,225,425,407,410,399,400,394,503,490,553,538,497,478,826,823,797,745,1303,1240,29987,29988,29988,29987]} 1. d4 d5 2. c4 c6 3. cxd5 cxd5 4. Bf4 Nc6 5. e3 Nf6 6. Nc3 Bg4 7. Qb3 Na5 8. Qa4+ Bd7 9. Qc2 Rc8 10. Nf3 b5 11. a3 e6 12. Bd3 Be7 {D14: Slav Defence: Exchange variation with ...Bf5} 13. h3 O-O 14. O-O a6 {The position is equal.} 15. Rac1 Bc6 {[#]} 16. Qb1 $146 ({Predecessor:} 16. Qe2 Bb7 17. a4 Nb3 18. Rc2 b4 19. Nb1 Ne4 20. Nbd2 Rxc2 21. Bxc2 Nbxd2 22. Nxd2 Nxd2 23. Qxd2 {½-½ (54) Bennett,C (2356)-Soh,E (2318) ICCF email 2016}) 16... Qb6 17. Rc2 Rfd8 18. b3 Ne4 19. Qa2 g5 20. Bh2 (20. Bxe4 $5 gxf4 21. Bd3 $11) 20... f6 21. Bxe4 dxe4 22. Nd2 f5 23. Rfc1 Kf7 24. b4 Nc4 25. Nxc4 bxc4 26. Qxc4 a5 (26... Qb7 $16) 27. b5 $18 Bxa3 $2 {[#]} (27... Be8 28. Qa2 h5) 28. bxc6 Rxc6 29. Na4 Rxc4 30. Nxb6 Rb4 31. Bc7 Bxc1 32. Bxd8 Rb1 33. Kh2 f4 (33... Ba3 $142 34. Nc4 Be7 35. Ne5+ Kf8 36. Bxa5 Rb5) 34. Nc4 fxe3 35. fxe3 {[#] Threatens to win with Ne5+.} e5 36. d5 a4 37. Nxe5+ Kg8 38. Bf6 {Accuracy: White = 100%, Black = 44%.} 1-0

[Event "Moscow Open RSSU Cup 2020"]
[Site "Moscow"]
[Date "2020.02.02"]
[Round "9.6"]
[White "Savitskiy, Sergey"]
[Black "Savchenko, Boris"]
[Result "1-0"]
[WhiteElo "2416"]
[BlackElo "2573"]
[Annotator "TA"]
[PlyCount "145"]
[EventDate "2020.01.25"]
[EventType "swiss"]
[EventCountry "RUS"]
[SourceTitle "playchess.com"]
[Source "ChessBase"]
[SourceQuality "1"]

{[%evp 16,144,14,0,11,0,10,28,10,13,7,5,7,0,0,0,0,0,32,41,37,9,31,33,66,29,63,22,99,39,68,18,31,11,20,18,31,0,0,0,0,0,0,-69,-63,-112,-47,-72,-76,-85,-83,-89,-39,-71,-73,-70,0,-47,0,-37,-22,-106,-77,-90,-80,-112,-105,-103,-103,-100,-51,-160,-102,-109,-105,-171,-119,-138,-130,-144,-131,-170,-122,-121,-132,-135,-141,-176,-154,-189,-144,-143,-111,-107,-74,-76,-8,-8,0,-33,0,0,0,0,4,0,0,0,0,0,72,139,291,277,1141,1095,2969,2831,29978,29979,29981,29982,29982,29983,29987,29988,29988,29989,29993,29994,29995]} 1. e4 e6 2. d4 d5 3. Nc3 Bb4 4. a3 Bxc3+ 5. bxc3 dxe4 6. Qg4 Nf6 7. Qxg7 Rg8 8. Qh6 c5 9. Ne2 Bd7 {C15: French: 3 Nc3 Bb4: Unusual White 4th moves} 10. Rb1 (10. a4 Rg6 11. Qh4 cxd4 12. cxd4 Qc7 13. c3 Nc6 14. Bd2 e5 15. Rc1 Ne7 16. Ng3 O-O-O 17. Be2 Rdg8 18. O-O Bc6 19. Be3 Ned5 20. Bh5 Nxh5 21. Qxh5 exd4 22. cxd4 {0-1 (41) Savitskiy,S (2415)-Savchenko,B (2566) Taganrog 2018}) 10... Bc6 11. dxc5 Nbd7 {White has an edge.} 12. Nd4 Qa5 13. Nxc6 bxc6 {[#]} 14. Rb3 $146 ({Predecessor:} 14. Qh3 Ke7 15. Be2 Rab8 16. Rb4 Qxc5 17. O-O Qe5 18. Qh4 Qxc3 19. Rc4 Qa1 20. Rxe4 {½-½ (40) Suarez Uriel,A (2386)-Marin,M (2539) Roquetas de Mar 2019}) 14... Rg6 15. Qh3 Nxc5 16. Rb4 Na4 17. Bc4 {Hoping for Bxe6!} Nb6 18. O-O Nxc4 19. Rxc4 Qa6 20. Rd4 c5 21. Rdd1 Kf8 {[#]} (21... Qe2 $11 {keeps the balance.}) 22. f3 (22. Bg5 $1 $16 {[%mdl 512]}) 22... Qc6 23. Bf4 (23. Bg5 $5) 23... Kg8 24. c4 Re8 25. Be5 Nd7 26. Bc3 Nb6 27. Rde1 exf3 $1 28. Rxf3 Nxc4 29. Ref1 (29. Rf6 $11) 29... Nd6 $1 $15 30. Re1 {[#]} Nf5 (30... Ne4 $1 $17 {[%cal Re4g5]} 31. Rfe3 (31. Rxf7 $2 Ng5 $19 {[%mdl 64] Double Attack}) 31... f5) 31. Re2 Rd8 32. Rf1 h6 33. Kh1 Qa6 34. Ref2 Qc4 35. Qf3 h5 ({Black should play} 35... Kh7 $15) 36. Re1 h4 37. Be5 Qg4 38. Qb7 (38. Rd2 $1 $11 Rc8 39. Qb3) 38... Qd1 39. Bc3 Qd5 40. Rd2 Nd4 ({Weaker is} 40... Qxb7 41. Rxd8+ Kh7 42. Rh8#) 41. Qxd5 Rxd5 42. h3 Kf8 43. Kh2 (43. Re4 $15) 43... f5 ({Better is} 43... Rg3 44. Bxd4 cxd4) 44. Rf2 Ke7 45. a4 (45. Bb2 $17) 45... Rg8 (45... Kf6 $19 46. Rb1 e5) 46. Bb2 Rb8 47. c4 Rd7 48. Ba3 Rc7 49. Bc1 Rb4 50. Bg5+ Kf7 51. Bxh4 Rxc4 52. Bg3 Rb7 53. Be5 Rb3 54. a5 Nc6 55. g4 Nxe5 (55... Ke7 $17 56. gxf5 exf5 57. Rxf5 Rc2+ 58. Kg1 Nxe5 59. Rfxe5+ Kd6 60. Re6+ Kd5 61. R1e5+ Kc4) 56. Rxe5 $17 {[%mdl 4096] Endgame KRR-KRR} f4 57. g5 Rd3 58. h4 Kg6 59. Rxe6+ Kf5 $132 {[%mdl 2048] Black puts up resistance} 60. Rf6+ Kg4 $1 61. Rg2+ Rg3 62. g6 Rxg2+ (62... Kxh4 $11 63. Rxf4+ {[%mdl 64] Remove Defender} Rxf4 64. Rxg3 Rf8) 63. Kxg2 $11 {Threatens to win with g7. KR-KR} Rc2+ $2 (63... Rc3 $16 {keeps fighting.}) 64. Kf1 $18 {And now g7 would win.} Kf3 $2 (64... Rc1+ 65. Ke2 Kh5) 65. Ke1 c4 66. h5 c3 67. Kd1 {White mates.} Rg2 68. h6 Ke3 69. h7 Rh2 70. g7 c2+ 71. Kc1 Kd3 72. h8=Q Rh4 {Accuracy: White = 62%, Black = 52%.} 73. Qxh4 1-0

[Event "Moscow Open RSSU Cup 2020"]
[Site "Moscow"]
[Date "2020.02.02"]
[Round "9.7"]
[White "Sindarov, Javokhir"]
[Black "Drygalov, Sergey"]
[Result "1-0"]
[WhiteElo "2537"]
[BlackElo "2477"]
[Annotator "TA RC"]
[PlyCount "121"]
[EventDate "2020.01.25"]
[EventType "swiss"]
[EventCountry "RUS"]
[SourceTitle "playchess.com"]
[Source "ChessBase"]
[SourceQuality "1"]

{[%evp 11,121,-15,-7,0,-10,-8,-13,-26,-5,-18,4,11,10,6,20,21,22,13,40,0,6,7,20,15,13,0,49,38,36,44,52,21,74,81,80,72,83,49,72,44,54,51,45,51,44,50,47,40,52,39,50,56,78,57,77,71,115,68,144,123,152,145,141,130,172,168,229,239,345,339,410,386,455,461,442,430,439,437,564,547,638,639,648,635,693,718,651,643,795,774,742,886,904,882,964,962,970,918,1171,1427,1668,1672,1552,1517,1555,1479,1329,1568,1626,1623,1638,1592]} 1. e4 c5 2. Nc3 d6 3. f4 Nc6 4. Nf3 g6 5. Bc4 Bg7 6. O-O e6 7. d4 {B23: Closed Sicilian: Lines without g3.} cxd4 8. Nb5 Nge7 9. Nbxd4 {The position is equal.} d5 10. exd5 {[#]} exd5 $146 {aiming for ...Nxd4.} ({Predecessor:} 10... Nxd4 11. Nxd4 O-O 12. c3 Nxd5 13. a4 Qd6 14. Bxd5 Qxd5 15. Be3 b6 16. Qf3 Bb7 17. Qxd5 Bxd5 {0-1 (38) Burke,M-Fister,B (2319) ICCF email 2013}) 11. Bb3 O-O 12. c3 Bg4 13. Be3 Na5 14. h3 Bxf3 15. Nxf3 Nf5 16. Bf2 Nxb3 17. Qxb3 Qd6 18. Ne5 b6 19. Rad1 Rad8 20. Rfe1 Rfe8 {[%cal Rg7e5]} 21. Qa4 (21. g4 $5 {[%cal Rg4f5]} f6 22. Nd3 (22. gxf5 fxe5 23. fxe5 Rxe5 $15) 22... Rxe1+ 23. Rxe1 $14) 21... Qc7 (21... Bxe5 $11 {keeps the balance.} 22. fxe5 Qb8) 22. Rxd5 $16 {[%mdl 64] [#] Deflection} Rxd5 23. Qxe8+ Bf8 24. b4 Rd6 25. a3 f6 {Threatens to win with ...Ng7.} 26. Ng4 $1 Qxc3 27. Re7 {[%mdl 64] Pin} Qc1+ 28. Be1 {White threatens Qf7+ and mate.} Qc4 ({Stronger than} 28... Nxe7 29. Nh6+ Kg7 30. Qf7+ Kxh6 31. Qxf8+ Kh5 32. g4#) 29. Rxa7 $40 {[%mdl 128] Black needs to defend precisely.} Qe6 30. Qxe6+ Rxe6 31. Bf2 h5 32. Nh2 b5 33. Nf3 Rc6 34. g4 hxg4 (34... Nd6 $14) 35. hxg4 Rc1+ 36. Kg2 Nd6 37. Nd4 Ne4 {[#]} 38. Kf3 $1 {[%cal Rf3e4]} Nd2+ (38... Nxf2 {might work better.} 39. Kxf2 Bd6) 39. Ke2 $18 Ne4 (39... Nc4 {was necessary.} 40. Nxb5 Rc2+ 41. Kf1 Nd2+ 42. Kg1 Rb2) 40. Be3 ({Don't do} 40. Nxb5 Nxf2 41. Kxf2 Bh6 $18) 40... Rc8 41. Nxb5 Re8 42. Kd3 {White is clearly winning.} f5 43. gxf5 gxf5 44. Nd4 Nd6 45. Ra5 Rc8 46. Nxf5 Nc4 47. Ra7 Nb2+ 48. Ke4 Re8+ 49. Kf3 Nc4 50. Bc5 Nd2+ 51. Kg4 Ne4 52. Bxf8 Kxf8 {[%mdl 4096] Endgame KRN-KRN} 53. b5 {[%cal Bb4b5,Bb5b6,Bb6b7][%mdl 32]} Nf6+ 54. Kf3 Rc8 55. b6 Rc3+ 56. Ke2 Rb3 57. b7 Nd7 58. a4 {[%cal Ba3a4,Ba4a5][%mdl 32]} Kf7 59. a5 Rb2+ 60. Kf3 Ke6 61. Ne3 {Accuracy: White = 89%, Black = 64%.} 1-0

[Event "Moscow Open RSSU Cup 2020"]
[Site "Moscow"]
[Date "2020.02.02"]
[Round "9.8"]
[White "Korchmar, Vasiliy"]
[Black "Kunin, Vitaly"]
[Result "*"]
[WhiteElo "2446"]
[BlackElo "2533"]
[Annotator "RC"]
[PlyCount "102"]
[EventDate "2020.01.25"]
[EventType "swiss"]
[EventCountry "RUS"]
[SourceTitle "playchess.com"]
[Source "ChessBase"]
[SourceQuality "1"]
[TimeControl "40/5400+30:1800+30"]

1. d4 {[%emt 0:00:00]} e6 {[%emt 0:00:39]} 2. c4 {[%emt 0:00:00]} b6 {[%emt 1:30:21]} 3. e4 {[%emt 0:00:58]} Bb7 {[%emt 0:00:47]} 4. Bd3 {[%emt 0:00:39]} Bb4+ {[%emt 0:01:08]} 5. Kf1 {[%emt 1:30:53]} Be7 {[%emt 0:00:24]} 6. Nc3 {[%emt 0:02:14]} d6 {[%emt 0:00:44]} 7. Nf3 {[%emt 0:00:26]} Nd7 {[%emt 0:00:21]} 8. g3 {[%emt 0:02:26]} Bf6 {[%emt 0:01:14]} 9. Kg2 {[%emt 0:02:12]} Ne7 {[%emt 0:00:28]} 10. h4 {[%emt 0:03:33]} O-O {[%emt 0:08:43]} 11. h5 {[%emt 0:06:26]} c5 {[%emt 0:03:59]} 12. d5 {[%emt 0:06:08]} Ne5 {[%emt 0:01:01]} 13. Nxe5 {[%emt 0:00:48]} Bxe5 {[%emt 0:00:20]} 14. h6 {[%emt 0:02:24]} g6 {[%emt 0:00:22]} 15. Qc2 {[%emt 0:04:05]} a6 {[%emt 0:02:49]} 16. a4 {[%emt 0:04:33]} b5 {[%emt 0:01:34]} 17. dxe6 {[%emt 0:14:31]} fxe6 {[%emt 1:13:28]} 18. axb5 {[%emt 0:00:09]} Nf5 {[%emt 0:05:43]} 19. bxa6 {[%emt 0:03:36]} Nd4 {[%emt 0:05:22]} 20. Qd1 {[%emt 0:00:03]} Bxa6 {[%emt 0:03:32]} 21. Qg4 {[%emt 0:06:56]} Qb6 {[%emt 0:04:26]} 22. Ra2 {[%emt 0:11:45]} Rae8 {[%emt 0:55:51]} 23. Be3 {[%emt 0:02:46]} Bb7 {[%emt 0:02:31]} 24. Rha1 {[%emt 0:00:13]} Nc6 {[%emt 0:03:10]} 25. Bb1 {[%emt 0:10:02]} Bd4 {[%emt 0:04:31]} 26. Qe2 {[%emt 0:01:52]} Ne5 {[%emt 0:14:30]} 27. Ra5 {[%emt 0:04:20]} Bxe3 {[%emt 0:01:41]} 28. fxe3 {[%emt 0:00:04]} Rf7 {[%emt 0:02:23]} 29. Nd1 {[%emt 0:06:33]} Ref8 {[%emt 0:00:31]} 30. b4 {[%emt 0:02:30]} cxb4 {[%emt 0:03:10]} 31. Rb5 {[%emt 0:00:16]} Qd8 {[%emt 0:00:23]} 32. Rxb4 {[%emt 0:01:33]} Qg5 {[%emt 0:00:43]} 33. Ra5 {[%emt 0:00:25]} Qxh6 {[%emt 0:02:08]} 34. Rxe5 {[%emt 0:00:09]} dxe5 {[%emt 0:00:14]} 35. Qg4 {[%emt 0:00:06]} g5 {[%emt 0:05:15]} 36. Bd3 {[%emt 0:00:15]} Qg6 {[%emt 0:14:51]} 37. Rb6 {[%emt 0:00:04]} Re8 {[%emt 0:01:13]} 38. Nc3 {[%emt 0:00:38]} h5 {[%emt 0:00:23]} 39. Qe2 {[%emt 0:02:43]} Ref8 {[%emt 0:01:44]} 40. c5 {[%emt 0:00:02]} Bc8 {[%emt 0:01:12]} 41. Nb5 {[%emt 0:30:42]} h4 {[%emt 0:31:16]} 42. Nd6 {[%emt 0:00:57]} Rf3 {[%emt 0:07:08]} 43. Nf5 {[%emt 0:00:35]} Rxg3+ {[%emt 0:01:37]} 44. Nxg3 {[%emt 0:00:08]} hxg3 {[%emt 0:00:06]} 45. Kxg3 {[%emt 0:00:40]} Qh6 {[%emt 0:01:20]} 46. Qg4 {[%emt 0:00:01]} Rd8 {[%emt 0:00:38]} 47. Bc4 {[%emt 0:01:53]} Kf7 {[%emt 0:01:13]} 48. Rc6 {[%emt 0:00:52]} Rh8 {[%emt 0:00:55]} 49. Rc7+ {[%emt 0:00:28]} Kg6 {[%emt 0:00:11]} 50. Kf2 {[%emt 0:00:16]} Qh1 {[%emt 0:00:52]} 51. Bf1 {[%emt 0:00:11]} Rf8+ {[%emt 0:00:09]} *

[Event "Moscow Open RSSU Cup 2020"]
[Site "Moscow"]
[Date "2020.02.02"]
[Round "9.8"]
[White "Korchmar, Vasiliy"]
[Black "Kunin, Vitaly"]
[Result "0-1"]
[WhiteElo "2446"]
[BlackElo "2533"]
[Annotator "TA"]
[PlyCount "72"]
[EventDate "2020.01.25"]
[EventType "swiss"]
[EventCountry "RUS"]
[SourceTitle "playchess.com"]
[Source "ChessBase"]
[SourceQuality "1"]

{[%evp 9,102,48,54,36,36,37,47,29,44,31,37,27,48,6,0,-6,64,20,30,-17,7,-50,-15,-43,27,41,36,27,44,14,30,24,23,25,59,37,28,18,49,-10,-20,-68,-77,-66,-53,-245,-250,-445,-380,-591,-589,-568,-566,-570,-549,-693,-676,-676,-676,-676,-676,-675,-673,-593,-566,-551,-514,-568,-555,-556,-513,-592,-383,-689,-687,-455,0,0,45,37,44,0,0,0,39,15,29,0,8,-239,-192,-5273,-5160,-29990,-29991]} 1. d4 e6 2. c4 b6 3. e4 Bb7 4. Bd3 Bb4+ 5. Kf1 Be7 6. Nc3 {A40: Unusual replies to 1 d4.} d6 7. Nf3 Nd7 8. g3 {White is slightly better.} Bf6 9. Kg2 Ne7 10. h4 O-O {[#]} 11. h5 $146 ({Predecessor:} 11. Bg5 c5 12. d5 Bxc3 13. bxc3 h6 14. Bf4 e5 15. Bc1 f5 16. exf5 Nxf5 17. g4 {½-½ (46) Goganov,A (2564)-Alekseev,E (2616) Serpukhov 2018}) 11... c5 12. d5 Ne5 (12... Bxc3 $11 13. bxc3 h6) 13. Nxe5 Bxe5 14. h6 {hxg7 is the strong threat.} g6 $1 15. Qc2 ({Better is} 15. Bc2 $11) 15... a6 16. a4 b5 (16... Qd7 $15) 17. dxe6 $11 fxe6 18. axb5 Nf5 19. bxa6 Nd4 20. Qd1 Bxa6 21. Qg4 Qb6 22. Ra2 Rae8 23. Be3 Bb7 24. Rha1 (24. Nb5 $14) 24... Nc6 25. Bb1 Bd4 26. Qe2 Ne5 27. Ra5 $2 (27. f4 $15 Bxe3 28. Qxe3 Nxc4 29. Qe2) 27... Bxe3 $19 28. fxe3 $2 (28. Rb5 Qc7 29. Ra7 Bxe4+ {[%mdl 64] Discovered Attack} 30. Nxe4 Qxa7 31. Qxe3) 28... Rf7 29. Nd1 (29. Rb5 $142 Qd8 30. b4) 29... Ref8 30. b4 cxb4 31. Rb5 Qd8 32. Rxb4 Qg5 33. Ra5 Qxh6 34. Rxe5 dxe5 35. Qg4 g5 36. Bd3 Rd7 {Played: Qh6-g6} 0-1